| 000 | 00528nam a22001937a 4500 | ||
|---|---|---|---|
| 003 | OSt | ||
| 005 | 20140310182840.0 | ||
| 008 | 130608t xxu||||| |||| 00| 0 eng d | ||
| 050 |
_aPN 6013 _b.G866 1981 |
||
| 082 |
_aM 808.0427 _bG88 1984 |
||
| 245 |
_aExploring literature / _cGrindstaff, Louise |
||
| 260 |
_aNew Jersey : _bGinn and Company, _c1981. |
||
| 300 |
_ax, 659 p. : _bill. col. ; _c24 cm. |
||
| 521 | _acollege students | ||
| 526 | _c1210L-1700L | ||
| 541 | _j1 | ||
| 562 | _e1 | ||
| 942 |
_2lcc _cBK _kM |
||
| 999 |
_c16848 _d16848 |
||